Fussball Schweizer Cup Sieger - Statistiken

Allgemein
  • Dieses Quiz wurde 174 mal gespielt
    8 seit der letzten Aktualisierung
  • Das Durchschnittsergebnis liegt bei 80 aus 100
Antwortstatistiken
Saison Sieger % Korrekt
1932/33 | 1946/47 | 1962/63 | +11 others FC Basel
100%
1934/35 | 1938/39 | 1943/44 | +6 others FC Lausanne-Sport
100%
1968/69 | 2025/26 FC St. Gallen
100%
1965/66 | 1969/70 | 1971/72 | +7 others FC Zürich
100%
1929/30 | 1944/45 | 1952/53 | +5 others BSC Young Boys
86%
1984/85 FC Aarau
86%
1925/26 | 1926/27 | 1931/32 | +16 others Grasshopper Club Zürich
86%
1959/60 | 1991/92 | 2020/21 FC Luzern
71%
1964/65 | 1973/74 | 1979/80 | +10 others FC Sion
71%
1927/28 | 1948/49 | 1970/71 | +5 others Servette FC Genève
71%
1930/31 | 1967/68 | 1992/93 | 2021/22 FC Lugano
57%
1947/48 | 1950/51 | 1953/54 | +3 others FC La Chaux-de-Fonds
29%
2003/04 FC Wil
14%
1928/29 Urania Genève Sport
0%
1935/36 Young Fellows Zürich
0%
Keine übereinstimmenden Quizze gefunden
Verteilung der Resultate
Anzahl Personen mit jedem Resultat
Perzentil nach korrekt beantworteten Fragen
Ihre Resultats-Entwicklung
Sie haben dieses Quiz seit der letzten Aktualisierung nicht gespielt